000 00678nam a2200265Ia 4500
005 20260121170547.0
008 008 260114s9999 xx 000 0 eng d
020 _a9789811082221
037 _aEBOOK
040 _aCRL
040 _beng
040 _cCRL
041 _2eng
041 _aeng
084 _qCRL
100 _aPanuwan Chantawannakul, Geoffrey Williams, Peter Neumann
_91065377
245 0 _aAsian Beekeeping in the 21st Century
260 _bSpringer
260 _bSpringer
260 _c2018
856 _uhttps://link.springer.com/openurl?genre=book&isbn=978-981-10-8222-1
942 _cEBOOK
999 _c1631107
_d1631107